Manchester - quiz wielokrotnego wyboru - Statystyki

Ogólne statystyki
  • Ten quiz został rozwiązany 585 razy
  • Średni wynik to 6 z 10
Statystyki odpowiedzi
Zagadnienie Odpowiedź % Poprawnych
Który stadion jest domem dla Manchesteru United? Old Trafford
93%
Z którym miastem Manchester otrzymał pierwsze połączenie kolejowe? Liverpool
76%
Manchester często nazywany jest miejscem narodzin... Rewolucji przemysłowej
76%
Które polskie miasto bywało nazywane "polskim Manchesterem"? Łódź
71%
Który z podanych zawodników NIE grał zarówno dla Manchesteru United, jak i Manchesteru City? David Beckham
62%
Na czyim koncercie ISIS dokonało ataku terrorystycznego w 2017 roku? Ariany Grande
59%
Który z poniższych zespołów pochodzi z Manchesteru? Oasis
50%
Z czego słynął Manchester w XIX wieku? Z włókiennictwa
48%
Które z podanych odkryć Ernesta Rutherforda miało miejsce w 1917 na Uniwersytecie w Manchesterze? Podział atomu
37%
Która z podanych gazet i portali internetowych została założona w Manchesterze 1821? The Guardian
34%
Nie znaleziono quizów pasujących do podanych kryteriów
Rozkład punktacji
Procent ludzi z każdym wynikiem
Percentyl według liczby udzielonych odpowiedzi
Twoja historia wyników
Nie rozwiązałeś tego quizu